000 00581nam a2200229Ia 4500
003 OSt
005 20230607183100.0
008 210423s2009 xx 000 0 und d
020 _a9788178299211
040 _cAL
041 _aeng
082 _a361.1
_223
_bRAOW
100 _aRAO (Raj R)
_9115995
245 _aWhistling in the dark
260 _aNew Delhi
_bSage Publications
_c2009
300 _axxxiii,264
_bPB
365 _cINR
650 _aSocial Problems
_9115996
650 _aSocial Problems & Services
_9115997
906 _adark ; Whistling
942 _2ddc
_cBK
999 _c175394
_d175394